000 01462nam a2200265Ia 4500
003 OSt
005 20211012141600.0
008 210310s1998 ck ado gr 000 0 spa d
040 _aCO-JMCR
_cCO-JMCR
041 0 _aspa
082 _a630 /
_bU762p
_223
110 2 _aCorporación Colombiana de Investigación Agropecuaria
_eautor
_941119
245 1 0 _aPrincipales avances en investigación y desarrollo tecnológico por sistemas de producción agrícola
_cCorporación colombiana de investigadores agropecuarios ; Coordinación general, Álvaro Francisco Uribe Calad ; compilación y edición, Martha Mercado de Duque, Nidia Ramírez González, Pedro A. Rodríguez Quijano
260 _c1998.
_aBogotá :
300 _a451 páginas :
_bilustraciones, gráficas y fotografías a color y blanco y negro ;
_c21 cm.
505 0 _aPresentación. -- Algodón. -- Arroz. -- Cacao. -- Caña. -- Fríjol . -- Frutales de clima frío moderado. -- Frutales de clima cálido. -- Cítricos. -- Hortalizas. -- Oleaginosas. -- Palmáceas. Papa. -- Plátano. Tubérculos
650 1 4 _aProducción agrícola
_zColombia
_928695
650 2 4 _aExtensión agrícola
_941120
650 2 4 _aAspectos económicos
_93268
700 1 _aUribe Calad, Álvaro Francisco,
_eautor
_941121
700 1 _aMercado de Duque, Martha,
_eeditora
_941122
700 1 _aRamírez González, Nidia,
_eeditora
_941123
700 1 _aRodríguez Quijano, Pedro A.,
_deditor
_941124
942 _2ddc
_cBK
999 _c12603
_d12603